Statistiques concernant Chanteurs et groupes par lettre - L

Cliquez ici pour prendre le quiz!

Statistiques générales

  • Ce quiz a été pris 306 fois
  • Le résultat moyen est 12 sur 20

Statistiques - réponses

Période d'activitéPaysChansonsGroupe ou artiste% Correct
2008 -Poker Face | Born This WayLady Gaga
93%
1994 - 2001 ; 2005-2007 ; 2011Flag of France (1794–1815, 1830–1974, 2020–present)J't'emmène au vent | LéaLouise Attaque
82%
2008 -Party Rock Anthem | Sexy and I Know ItLMFAO
78%
2018 -Old Town Road | MONTERO (Call Me By Your Name)Lil Nas X
75%
2001 -Flag of France (1794–1815, 1830–1974, 2020–present)Je serai (ta meilleure amie) | Sur un air latinoLorie
74%
1979 -Flag of Belgium (civil)Flag of PortugalLe Banana Split | Les brunes comptent pas pour des prunesLio
73%
1998 -
Despacito | Echame La CulpaLuis Fonsi
70%
2010 -Summertime Sadness | Video GamesLana Del Rey
69%
1986 -Flag of Canada (Pantone) Flag of Belgium (civil)Je T'aime | Je suis maladeLara Fabian
69%
1985 -Flag of France (1794–1815, 1830–1974, 2020–present) La chanson des restos | Attention au départLes Enfoirés
69%
2011 -Flag of France (1794–1815, 1830–1974, 2020–present)Trop beau | 1000°CLomepal
66%
1969 -Flag of France (1794–1815, 1830–1974, 2020–present)Rockollection | Le pouvoir des fleursLaurent Voulzy
58%
2000 -In the End | NumbLinkin Park
55%
2013 -Royals | TeamLorde
52%
1923 - 1970What a Wonderful World | Dream A Little Dream Of MeLouis Armstrong
51%
1969 - 1980Stairway to Heaven | Immigrant SongLed Zeppelin
45%
1999 -Mambo No. 5 | Sweet Like ColaLou Bega
42%
1946 - 1992Flag of France (1794–1815, 1830–1974, 2020–present) Flag of France (1794–1815, 1830–1974, 2020–present)Avec le temps | C'est extraLéo Ferré
29%
2006 -Smile | Somewhere Only We KnowLily Allen
26%
1972 - 2013Walk on the Wild Side | Satellite of LoveLou Reed
24%

Distribution des résultats

Percentile par nombre de réponses

% des personnes avec chaque résultat

Votre développement - résultats

Vous n’avez pas pris ce quiz